000 00630nam a2200205Ia 4500
001 13504
003 GE_BSU
008 181216s||||||||xx |||||||||||||| ||und||
020 _a0789731495
040 _cGE_BSU
080 _a004.3(075.8)
100 _aBalter,Dan
245 _aSupporting Users and Troubleshooting a Windows XP Operating System
260 _c2005
300 _a260p.ill.23cm.CD
653 _aSupporting Users and Troubleshooting a Windows XP Operating System
653 _aინფორმატიკა
653 _aსაინფორმაციო ტექნოლოგიები
942 _cBK
999 _c46663
_d46663